000 01157 a2200277 4500
003 Nust
005 20220815154511.0
010 _a 2008010335
020 _a (hardcover : alk. paper)
020 _a8178085941 (hardcover : alk. paper)
035 _a(OCoLC)213375806
040 _cNust
082 0 0 _a005.133,JUR
100 1 _aJurafsky, Dan,
_997241
245 1 0 _aSpeech and language processing :
_ban introduction to natural language processing, computational linguistics, and speech recognition /
_cDaniel Jurafsky, James H. Martin.
250 _a low price ed.
260 _aUpper Saddle River, N.J. :
_bPearson Prentice Hall,
_cc2000
300 _axxxi, 934 p. :
_bill. ;
_c25 cm.
440 0 _aPrentice Hall series in artificial intelligence
_997242
505 _aIntroduction (Page-1), Words (Page-19), Syntax (Page-285), Semantics (Page-499), Pragmatics (Page-667).
650 0 _aAutomatic speech recognition.
_997243
650 0 _aComputational linguistics.
_910826
700 1 _aMartin, James H.,
_d1959-
_997244
856 4 1 _3Table of contents only
_uhttp://www.loc.gov/catdir/toc/ecip0812/2008010335.html
942 _2ddc
_cBK
_k005.133,JUR
999 _c179324
_d179324